|
|
|
|
| LEADER |
00000nam0a2200000 4500 |
| 001 |
297389 |
| 005 |
20231102001013.0 |
| 035 |
|
|
|a (RuTPU)RU\TPU\book\322522
|
| 090 |
|
|
|a 297389
|
| 100 |
|
|
|a 20150608d1984 km y0rusy50 ca
|
| 101 |
0 |
|
|a rus
|
| 102 |
|
|
|a UA
|
| 105 |
|
|
|a y z 001zy
|
| 200 |
1 |
|
|a Межотраслевая структура и эффективность средств труда
|f Н. А. Мельничук, Е. Ю. Болховитинова
|g Академия наук Узбекской ССР (АН УзССР), Институт экономики
|
| 210 |
|
|
|a Киев
|c Наукова думка
|d 1984
|
| 215 |
|
|
|a 110 с.
|
| 320 |
|
|
|a Библиография в ссылках.
|
| 606 |
1 |
|
|a Баланс межотраслевых связей
|2 stltpush
|3 (RuTPU)RU\TPU\subj\64531
|9 81398
|
| 606 |
1 |
|
|a Труд при социализме
|2 stltpush
|3 (RuTPU)RU\TPU\subj\37100
|9 58245
|
| 610 |
1 |
|
|a средства труда
|
| 610 |
1 |
|
|a статистическое оценивание
|
| 610 |
1 |
|
|a экономическая эффективность
|
| 610 |
1 |
|
|a основные фонды
|
| 610 |
1 |
|
|a производственные мощности
|
| 610 |
1 |
|
|a информационное обеспечение
|
| 610 |
1 |
|
|a структура
|
| 686 |
|
|
|a У9(2)0-96
|v LBC/SL-A
|2 rubbk
|
| 686 |
|
|
|a У013.753
|v LBC/SL-A
|2 rubbk
|
| 700 |
|
1 |
|a Мельничук
|b Н. А.
|g Николай Александрович
|
| 701 |
|
1 |
|a Болховитинова
|b Е. Ю.
|g Елена Юрьевна
|
| 712 |
0 |
2 |
|a Академия наук Узбекской ССР (АН УзССР)
|b Институт экономики
|c (Ташкент)
|2 stltpush
|3 (RuTPU)RU\TPU\col\18993
|
| 801 |
|
1 |
|a RU
|b 63413507
|c 20150608
|
| 801 |
|
2 |
|a RU
|b 63413507
|c 20190128
|g RCR
|
| 942 |
|
|
|c BK
|